Káva - stále veľká neznáma

Bibliographic Details
Main Author: Dvořáková, Barbora (Author)
Format: Article
Language:Slovak
PhysicalDescription:Fotogr.
ISSN:1335-440X
Subjects:

MARC

LEADER 00000nab a2200000 ar4500
001 vtls008955090
003 SK-MaSNL
005 20260303070336.0
008 070314c20060204xo dr|p|||||||000 b|slo
015 |a SNBRB2007/03  |2 snkbucl 
038 |a SNKBUCL 
040 |a SNKBUCL  |b slo  |c SNKBUCL  |e AACR2 
041 |a slo 
044 |a xo  |c SK 
080 |a 663.93  |2 2001 
100 1 |a Dvořáková, Barbora  |4 aut  |9 845956 
245 1 0 |a Káva - stále veľká neznáma  |c Barbora Dvořáková 
300 |b Fotogr. 
650 0 7 |a káva  |2 snkbucl  |9 3503 
650 0 7 |a dejiny  |2 snkbucl  |9 3825 
650 0 7 |a zdravotné hľadisko  |2 snkbucl  |9 1067657 
773 0 |t Sme. Práca  |g Roč. 15, č. 29 (4.2.2006)  |x 1335-440X 
773 0 |i Príl.:  |t Víkend  |g Roč. VIII, č. 5 (4.2.2006), s. 28 
852 |a SNK  |b KIS3GCP 
999 |c 1754960  |d 1756890